QCM sur l’Allemagne - Statistiques

Statistiques générales
  • Ce quiz a été pris 131 fois
  • Le résultat moyen est 10 sur 12
Statistiques - réponses
Question Réponse % Correct
Quel homme fût surnommé le Führer ? Adolf Hitler
93%
Laquelle de ces marques de voiture est allemande ? BMW
93%
Quel célèbre parc d’attractions se trouve en Allemagne ? Europa-Park
91%
Dans quelle ville se déroule l’Oktoberfest ? Münich
91%
En quelle année a eu lieu la chute du Mur de Berlin ? 1989
89%
Quel club a remporté le plus de championnats d’Allemagne ? Bayern Munich
89%
Sous l’influence de quel pays était l’Allemagne de l’Est (RDA)? URSS
89%
Quelle communauté étrangère est la plus présente en Allemagne ? Turque
80%
Avec quelle écurie Michael Schumacher a marqué l’histoire de la Formule 1 ? Ferrari
73%
Laquelle de ces villes est une ville-région ? Hambourg
71%
Quel groupe a créé le tube 99 Luftballons ? Nena
60%
De quelle ville est originaire la Currywurst ? Berlin
44%
Aucun quiz correspondant
Distribution des résultats
% des personnes avec chaque résultat
Percentile par nombre de réponses
Votre historique - résultats
Vous n’avez pas pris ce quiz